| 000 | 01159cam a22002535a 4500 | ||
|---|---|---|---|
| 001 | L137437 | ||
| 002 | 16386 | ||
| 008 | 070405s2006 xxk f 000 0 eng d | ||
| 020 |
_a1861268742 _a9781861268747 |
||
| 035 | _a(Sirsi) u137437 | ||
| 041 | 0 | _aeng | |
| 050 | 0 | 4 | _a690.231 $2 18 |
| 100 | 1 | _aWilliamson, Laurie | |
| 245 | 0 | 0 |
_aGarage conversions _bplanning, managing and completing your conversion |
| 260 |
_aRamsbury _bCrowood _c2006 |
||
| 300 |
_a160p. _billus. _c25cm. |
||
| 350 | _a16.99 | ||
| 505 | 2 | _aMaking plans -- Internal preparations -- External preparations -- Getting started -- Groundworks -- Walls and lintels -- Doors and window frames -- Flooring -- Timber flooring -- Roofing -- First fix -- Finishing off | |
| 520 | _aDiscusses good practice in conversion projects, and provides a step by step guide to the process. Discusses how to decide whether a particular space is suitable for conversion, spatial design, building regulations, and the requisite materials and skills. | ||
| 590 | _aKA | ||
| 651 | 4 |
_aUnited Kingdom _y |
|
| 690 | _aBUILT ENVIRONMENT-BUILDING MAINTENANCE AND REFURBISHMENT-BUILDING ADAPTATION | ||
| 942 | _n0 | ||
| 999 |
_c106781 _d106781 |
||